|
|
|
|
| LEADER |
01586nam a2200361 a 4500 |
| 001 |
42078 |
| 003 |
BD-DhAAL |
| 005 |
20240121114830.0 |
| 008 |
240121t1997 sz b 000 0 eng d |
| 010 |
|
|
|a 98980010
|
| 020 |
|
|
|a 9291620068
|
| 040 |
|
|
|a DLC
|c DLC
|d DLC
|d BD-DhAAL
|
| 042 |
|
|
|a lcode
|
| 043 |
|
|
|a d------
|
| 050 |
0 |
0 |
|a K1401.A41994
|b T75 1997
|
| 082 |
0 |
0 |
|a 341.758
|2 21
|
| 245 |
0 |
4 |
|a The TRIPS agreement :
|b a guide for the South : the Uruguay round agreement on trade-related intellectual property rights /
|c South Centre.
|
| 246 |
3 |
0 |
|a Uruguay round agreement on trade-related intellectual property rights
|
| 260 |
|
|
|a Geneva, Switzerland ;
|a Dar es Salaam, Tanzania :
|b South Centre,
|c 1997.
|
| 300 |
|
|
|a xiv, 92, 2, [4] pages ;
|c 22 cm.
|
| 500 |
|
|
|a "... based on a draft by Dr. Carlos Correa ..."--Foreword.
|
| 504 |
|
|
|a Includes bibliographical references (pages [87]-92).
|
| 541 |
|
|
|a Donated By Akbar Ali Khan
|e 42078
|
| 630 |
0 |
0 |
|a Agreement on Trade-Related Aspects of Intellectual Property Rights
|d (1994 April 15)
|9 16384
|
| 650 |
|
0 |
|a Intellectual property (International law).
|
| 650 |
|
0 |
|a Intellectual property
|z Developing countries.
|
| 650 |
|
0 |
|a Law.
|
| 700 |
1 |
|
|a Correa, Carlos María.
|9 55962
|
| 710 |
2 |
|
|a South Centre (Independent Commission of the South on Development Issues)
|9 37717
|
| 852 |
|
|
|a Ayesha Abed Library
|
| 942 |
|
|
|2 ddc
|c BK
|
| 999 |
|
|
|c 46316
|d 46316
|
| 952 |
|
|
|0 0
|1 0
|2 ddc
|4 0
|6 341_758000000000000_TRI
|7 1
|9 74973
|a BRACUL
|b BRACUL
|c CS1
|d 2024-01-21
|e Donated By Akbar Ali Khan
|l 0
|o 341.758 TRI
|p 3010042078
|r 2024-01-21
|t 1
|w 2024-01-21
|y BK
|